00728nam a22001817a 4500999001700000020001800017082001500035100001800050245003400068260004100102300001200143650002100155650003000176856011700206942000700323952010800330952010800438 c66588d66585 a9788184875812 a621.042GHO aGhosal, M. K. aRenewable Energy Technologies aNew Delhi:bNorasa Pub house,c2018. a448p. ; aPower resources  aRenewable energy sources  uhttps://books.google.com.pk/books?id=Qq4xtAEACAAJ&dq=renewable+energy+technologies+ghosal&hl=en&sa=X&redir_esc=y cBK 00104070aREFbREFd2020-11-17g1961.00l0o621.042GHO (Shelf - 42D) p58311r2020-11-17 00:00:00yBK 00104070aREFbREFd2020-11-17g1961.00l0o621.042GHO (Shelf - 42D)p58312r2020-11-17 00:00:00yBK